000 00247nam a22001097a 4500
999 _c168603
_d168603
082 _a
_b
100 _aSuyarnaletha M C
245 _aManak hindi samcharan/
_cby Suyarnaletha M C.
260 _aMathura:
_bJawahar,
_c
650 _a
942 _cBK